عرض عادي عرض مارك
  • Burns, Anne,

مدخل إسم شخص

عدد التسجيلات المستخدمة في: 1

001 - رقم الضبط

  • حقل الضبط: 38387

003 - معرف رقم الضبط

  • حقل الضبط: OSt

005 - تاريخ ووقت أخر عملية

  • حقل الضبط: 20131027171156.0

008 - عناصر بيانات ثابتة الطول

  • حقل تحكم ثابت الطول: 131027|||a|||||| | ||| d

040 ## - مصدر الفهرسة

  • هيئة الفهرسة الأصلية: OSt
  • وكالة الكتابة: OSt

100 ## - مدخل -- أسم شخص

  • إسم شخص: Burns, Anne,
  • تواريخ مرتبطة بالاسم: 1945-

670 ## - بيانات المصدر موجوده

  • الاستشهاد بالمصدر: Work cat.: (OSt)0: The Cambridge guide to pedagogy and practice in second language teaching /, 2012.